[Event "Politiken Cup 2013"]
[Site "Helsingør "]
[Date "2013.07.28"]
[Round "3.35"]
[White "Bekker-Jensen, Simon"]
[Black "Skjoldager, Per"]
[Result "1-0"]
[WhiteElo "2414"]
[BlackElo "2136"]
[PlyCount "121"]
[EventDate "2013.07.27"]

1. d4 Nf6 2. c4 e6 3. Nc3 d5 4. cxd5 exd5 5. Bg5 Be7 6. e3 Nbd7 7. Bd3 O-O 8.
Nf3 c6 9. Qc2 h6 10. Bh4 Re8 11. O-O Ne4 12. Bxe4 Bxh4 13. Bh7+ Kh8 14. Bd3 Bf6
15. b4 Nf8 16. b5 Bd7 17. bxc6 Bxc6 18. Bb5 Qd7 19. Bxc6 bxc6 20. Na4 Ne6 21.
Rfc1 Rec8 22. Rab1 Rab8 23. Rxb8 Rxb8 24. h3 Rb4 25. Rb1 Rxb1+ 26. Qxb1 Qc7 27.
Qc2 Qb7 28. Ne1 Be7 29. Nd3 Bd6 30. f4 Kg8 31. h4 Nd8 32. Kf2 Qe7 33. g3 g5 34.
Qe2 Qe4 35. hxg5 hxg5 36. Nc3 Qg6 37. Ke1 gxf4 38. gxf4 Ne6 39. Kd2 a5 40. Ne5
Bxe5 41. fxe5 Ng5 42. Kc1 Ne4 43. Nxe4 Qxe4 44. Qd2 a4 45. Kb2 c5 46. dxc5
Qxe5+ 47. Qc3 Qc7 48. c6 f5 49. Qc5 d4 50. Qd5+ Kf8 51. Qxf5+ Ke7 52. Qh7+ Kd6
53. Qxc7+ Kxc7 54. exd4 Kxc6 55. a3 Kd6 56. Kc3 Kd5 57. Kd3 Kd6 58. Kc4 Kc6 59.
Kb4 Kd5 60. Kxa4 Kxd4 61. Kb5 1-0

[Event "Politiken Cup 2013"]
[Site "Helsingør "]
[Date "2013.07.28"]
[Round "3.36"]
[White "Mihajlov, Sebastian"]
[Black "Teplyi, Igor"]
[Result "0-1"]
[WhiteElo "2138"]
[BlackElo "2409"]
[PlyCount "98"]
[EventDate "2013.07.27"]

1. d4 d5 2. c4 e6 3. Nc3 Be7 4. Bf4 Nf6 5. e3 O-O 6. Bd3 c5 7. dxc5 Bxc5 8. Nf3
Nc6 9. a3 Re8 10. Bg5 Be7 11. O-O dxc4 12. Bxc4 a6 13. b4 b5 14. Bd3 Bb7 15.
Qe2 Rc8 16. Rfd1 Qb6 17. Rac1 Qa7 18. e4 g6 19. e5 Nd5 20. Nxd5 exd5 21. Qd2
Nd4 22. Bf6 Rxc1 23. Rxc1 Nxf3+ 24. gxf3 Bxf6 25. exf6 Qd4 26. Qg5 h6 27. Qxh6
Qxf6 28. f4 d4 29. f5 Re7 30. Kf1 Qg7 31. Qg5 Qe5 32. h4 f6 33. Qh6 Rh7 34.
Qxg6+ Rg7 35. Re1 Bg2+ 36. Qxg2 Qxe1+ 37. Kxe1 Rxg2 38. Ke2 Rg4 39. h5 Rh4 40.
Kf3 Kg7 41. Bc2 Rh3+ 42. Ke4 Rc3 43. Bd3 Rxa3 44. Bc2 Rc3 45. Bd3 Rb3 46. Kxd4
Rxb4+ 47. Kc5 Rb2 48. f3 Kh6 49. Kb6 Ra2 0-1

[Event "Politiken Cup 2013"]
[Site "Helsingør "]
[Date "2013.07.28"]
[Round "3.24"]
[White "Soors, Stef"]
[Black "Henriksen, Geir"]
[Result "1-0"]
[WhiteElo "2405"]
[BlackElo "2215"]
[PlyCount "63"]
[EventDate "2013.07.27"]

1. e4 c5 2. Nf3 Nc6 3. c3 d5 4. exd5 Qxd5 5. d4 cxd4 6. cxd4 e5 7. Nc3 Bb4 8.
Bd2 Bxc3 9. Bxc3 e4 10. Ne5 Nxe5 11. dxe5 Ne7 12. Be2 O-O 13. O-O Be6 14. Qc1
Rfd8 15. Re1 Ng6 16. Bd1 Nxe5 17. Bb3 Nc4 18. Bxc4 Qxc4 19. Qg5 f6 20. Bxf6 Rd7
21. Bc3 Qd5 22. Qf4 Bf5 23. h4 Bg6 24. Qg4 Rad8 25. Rad1 Qf5 26. Rxd7 Qxd7 27.
Qg3 Qf5 28. Qc7 Qd7 29. Qa5 b6 30. Qg5 Qd5 31. Qg3 Qf5 32. h5 1-0

[Event "Politiken Cup 2013"]
[Site "Helsingør "]
[Date "2013.07.28"]
[Round "3.25"]
[White "Percivaldi, Martin"]
[Black "Kristiansen, Jens"]
[Result "0-1"]
[WhiteElo "2178"]
[BlackElo "2396"]
[PlyCount "114"]
[EventDate "2013.07.27"]

1. d4 Nf6 2. c4 g6 3. g3 Bg7 4. Bg2 O-O 5. Nc3 d6 6. Nf3 Nbd7 7. O-O e5 8. e4
a6 9. Qc2 exd4 10. Nxd4 Re8 11. Rd1 Qe7 12. f3 c6 13. Bf4 Ne5 14. b3 b5 15.
cxb5 cxb5 16. Rac1 Bb7 17. Qf2 Rac8 18. Nce2 Rxc1 19. Nxc1 d5 20. exd5 Nxd5 21.
Bxe5 Qxe5 22. f4 Qc7 23. Bxd5 Bxd5 24. Nce2 Qe7 25. Kf1 Bb7 26. Nf3 Qe4 27.
Neg1 Bc3 28. Ng5 Qc6 29. Qf3 Qc8 30. Qd3 b4 31. N5f3 Bc6 32. Kg2 Qb7 33. h4 Be4
34. Qc4 Rc8 35. Qe2 Bf6 36. Kf1 Rc3 37. Kf2 Be7 38. Nd4 Bc5 39. Kf1 Rxg3 40.
Qf2 Rg2 41. Qe3 Rxa2 42. Nge2 Bg2+ 43. Kf2 Qe4 44. Qxe4 Bxe4 45. Ke3 Bd5 46.
Rc1 Bb6 47. Kd3 Kg7 48. f5 Rb2 49. fxg6 hxg6 50. Nf4 Bxb3 51. Rc6 Bxd4 52. Kxd4
a5 53. Ra6 a4 54. Nd3 Rh2 55. Nxb4 Rxh4+ 56. Kc5 g5 57. Nd5 Rc4+ 0-1

[Event "Politiken Cup 2013"]
[Site "Helsingør "]
[Date "2013.07.28"]
[Round "3.26"]
[White "Argandona Riveiro, Inigo"]
[Black "Hagen, Anders Gjerdrum"]
[Result "1/2-1/2"]
[WhiteElo "2388"]
[BlackElo "2187"]
[PlyCount "71"]
[EventDate "2013.07.27"]

1. c4 Nf6 2. Nf3 e6 3. g3 d5 4. Bg2 c6 5. Qc2 Be7 6. O-O O-O 7. d4 b6 8. Rd1
Bb7 9. Nc3 Na6 10. a3 Rc8 11. Bf4 dxc4 12. Ne5 Nd5 13. Nxc4 Nxf4 14. gxf4 Nc7
15. e3 Nd5 16. Ne4 h6 17. b4 Qc7 18. Rac1 Qb8 19. Ne5 Qa8 20. Nc3 Nxc3 21. Qxc3
c5 22. Bxb7 Qxb7 23. dxc5 bxc5 24. Rd7 cxb4 25. Rxb7 Rxc3 26. Rxc3 bxc3 27.
Rxe7 Rc8 28. Kg2 c2 29. Nd3 Rd8 30. Nc1 Rd1 31. Ne2 Re1 32. Rxa7 Rxe2 33. Rc7
Rd2 34. a4 Kh7 35. Kf3 Kg6 36. Rc5 1/2-1/2

[Event "Politiken Cup 2013"]
[Site "Helsingør "]
[Date "2013.07.28"]
[Round "3.27"]
[White "Riis, Jens"]
[Black "Carlstedt, Jonathan"]
[Result "0-1"]
[WhiteElo "2174"]
[BlackElo "2387"]
[PlyCount "132"]
[EventDate "2013.07.27"]

1. c4 e6 2. Nc3 d5 3. d4 c5 4. Nf3 Nc6 5. cxd5 exd5 6. g3 Nf6 7. Bg2 Be7 8. O-O
O-O 9. Bg5 c4 10. b3 Qa5 11. Qc2 Bg4 12. Rfd1 h6 13. Bf4 Rac8 14. bxc4 Nb4 15.
Qd2 dxc4 16. Ne5 Qa6 17. Nxg4 Nxg4 18. Bh3 f5 19. f3 g5 20. fxg4 gxf4 21. gxf4
Qg6 22. Kh1 fxg4 23. Bxg4 Rcd8 24. Bf3 Qf5 25. Rg1+ Kh8 26. e3 Qc2 27. Rad1 b6
28. Be4 Qxd2 29. Rxd2 Rg8 30. Rxg8+ Rxg8 31. Rg2 Re8 32. Bg6 Rf8 33. Be4 Bh4
34. Rg6 Be1 35. Rxh6+ Kg7 36. Rh7+ Kg8 37. Nd1 Re8 38. Bb1 c3 39. Rc7 Nd5 40.
Rxa7 Rc8 41. Bc2 Nb4 42. Bb3+ Kh8 43. Nxc3 Bxc3 44. Kg2 Bd2 45. Kf3 Re8 46. e4
Rf8 47. Rf7 Rxf7 48. Bxf7 Nc2 49. d5 Nd4+ 50. Kg4 Kg7 51. Be8 Ne2 52. f5 Bc3
53. d6 Kf6 54. d7 Ke7 55. Kg5 Bf6+ 56. Kg4 Nc1 57. a4 Nd3 58. h4 Be5 59. Kg5
Nc5 60. Kg6 Nxe4 61. h5 Nf6 62. h6 Nd5 63. h7 Bh8 64. Bf7 Nf6 65. Be6 Ng4 66.
Kg5 Ne5 0-1

[Event "Politiken Cup 2013"]
[Site "Helsingør "]
[Date "2013.07.28"]
[Round "3.28"]
[White "Carstensen, Jacob"]
[Black "Pedersen, Nicolai Kvist Brond"]
[Result "1-0"]
[WhiteElo "2384"]
[BlackElo "2180"]
[PlyCount "61"]
[EventDate "2013.07.27"]

1. d4 d5 2. c4 c6 3. Nf3 Nf6 4. Nc3 dxc4 5. a4 Bf5 6. Ne5 e6 7. f3 Bb4 8. e4
Bxe4 9. fxe4 Nxe4 10. Bd2 Qxd4 11. Nxe4 Qxe4+ 12. Qe2 Bxd2+ 13. Kxd2 Qd5+ 14.
Kc2 O-O 15. Nxc4 Na6 16. Qe5 Rfd8 17. Qxd5 cxd5 18. Na5 Nc5 19. b4 Rac8 20. Kb2
Ne4 21. Nxb7 Rd7 22. Ba6 Rb8 23. Rhc1 Kf8 24. Na5 Rxb4+ 25. Ka3 Rb6 26. Rc8+
Ke7 27. Bb5 Rdd6 28. Rc7+ Kd8 29. Rxa7 Kc8 30. Ra8+ Rb8 31. Rc1+ 1-0

[Event "Politiken Cup 2013"]
[Site "Helsingør "]
[Date "2013.07.28"]
[Round "3.29"]
[White "Halamus, Agata"]
[Black "Tari, Aryan"]
[Result "0-1"]
[WhiteElo "2046"]
[BlackElo "2383"]
[PlyCount "54"]
[EventDate "2013.07.27"]

1. e4 c6 2. d4 d5 3. Nc3 dxe4 4. Nxe4 Nd7 5. Nf3 Ngf6 6. Nxf6+ Nxf6 7. c3 Bf5
8. Bd3 Bxd3 9. Qxd3 e6 10. O-O Be7 11. Ne5 O-O 12. Bf4 Qd5 13. Qe2 Rfd8 14.
Rfe1 Rac8 15. Bg3 Re8 16. a4 g6 17. a5 Nh5 18. b4 Nxg3 19. fxg3 Bf6 20. Ng4 Bg7
21. Qf2 Qc4 22. Qf3 Red8 23. Kh1 b6 24. axb6 axb6 25. Ra7 f5 26. Rea1 Qd5 27.
Qe3 fxg4 0-1

[Event "Politiken Cup 2013"]
[Site "Helsingør "]
[Date "2013.07.28"]
[Round "3.30"]
[White "Aabling-Thomsen, Jakob"]
[Black "Heedt, Thorsten"]
[Result "1-0"]
[WhiteElo "2370"]
[BlackElo "2173"]
[PlyCount "91"]
[EventDate "2013.07.27"]

1. e4 g6 2. Nc3 Bg7 3. h4 h5 4. d4 d6 5. Be3 Nh6 6. f3 Nc6 7. Qd2 e5 8. d5 Nd4
9. Nge2 Nxe2 10. Bxe2 f5 11. O-O-O f4 12. Bf2 O-O 13. Rdg1 Kh7 14. g3 Bd7 15.
Bd1 fxg3 16. Rxg3 Bf6 17. Rg2 Qe7 18. Rhg1 Rg8 19. Be3 Nf7 20. Ne2 Bxh4 21. f4
exf4 22. Nxf4 Ne5 23. Bd4 Bf6 24. Bxh5 gxh5 25. Nxh5 Bh3 26. Rh1 Rxg2 27. Nxf6+
Kg6 28. Qe3 Kxf6 29. Qxh3 Rg6 30. Qh4+ Kf7 31. Qh7+ Ke8 32. Qh8+ Kd7 33. Qxa8
Qg5+ 34. Kb1 Qg2 35. Qh8 Rg8 36. Qh7+ Rg7 37. Qf5+ Ke7 38. Qe6+ Kf8 39. Rh8+
Rg8 40. Rxg8+ Qxg8 41. Qxg8+ Kxg8 42. Bxe5 dxe5 43. c4 Kf8 44. b4 b6 45. Kc2
Ke7 46. c5 1-0

[Event "Politiken Cup 2013"]
[Site "Helsingør "]
[Date "2013.07.28"]
[Round "3.31"]
[White "Skovgaard, Ib"]
[Black "Nilssen, John Arni"]
[Result "0-1"]
[WhiteElo "2036"]
[BlackElo "2353"]
[PlyCount "64"]
[EventDate "2013.07.27"]

1. e4 c5 2. Nf3 Nc6 3. d4 cxd4 4. Nxd4 e5 5. Nb5 d6 6. N1c3 a6 7. Na3 b5 8. Be3
Rb8 9. Nd5 Be7 10. c3 Nf6 11. Nxf6+ Bxf6 12. Qd2 O-O 13. Nc2 Be6 14. Be2 Qe7
15. O-O Rfd8 16. Bf3 a5 17. b3 Qc7 18. Rac1 a4 19. Nd4 exd4 20. cxd4 b4 21. e5
dxe5 22. Rxc6 Qd7 23. bxa4 Bg4 24. Be4 Bf5 25. Qc2 Bxe4 26. Qxe4 exd4 27. Bf4
Ra8 28. Rd1 Rxa4 29. Rd6 Qe8 30. R1xd4 Bxd4 31. Rxd4 b3 32. Rd2 Rxe4 0-1

[Event "Politiken Cup 2013"]
[Site "Helsingør "]
[Date "2013.07.28"]
[Round "3.32"]
[White "Arvola, Benjamin"]
[Black "Jensen, Tobias Ilsoe"]
[Result "1-0"]
[WhiteElo "2347"]
[BlackElo "1954"]
[PlyCount "83"]
[EventDate "2013.07.27"]

1. e4 c5 2. Nf3 d6 3. d4 cxd4 4. Nxd4 Nf6 5. Nc3 a6 6. Be3 e5 7. Nb3 Be6 8. h3
Be7 9. g4 O-O 10. Qf3 Nbd7 11. O-O-O b5 12. Nd5 Bxd5 13. exd5 Nb6 14. g5 e4 15.
gxf6 exf3 16. fxe7 Qxe7 17. Bxb6 Rfe8 18. Bd3 Qg5+ 19. Kb1 Re2 20. Rhg1 Qh5 21.
Bxe2 fxe2 22. Rde1 Re8 23. Be3 Qxd5 24. Rxe2 b4 25. Rd2 Qa8 26. Rxd6 a5 27. Nc5
g6 28. b3 Qf3 29. Nd7 Rxe3 30. fxe3 Qxe3 31. Rh1 Qf3 32. Rdd1 h5 33. Ne5 Qc3
34. Rde1 Kg7 35. Rhf1 Qxh3 36. Rxf7+ Kg8 37. Ra7 Qg3 38. Rd1 Qh4 39. a4 bxa3
40. Rdd7 Qe1+ 41. Ka2 Qxe5 42. Rd8+ 1-0

[Event "Politiken Cup 2013"]
[Site "Helsingør "]
[Date "2013.07.28"]
[Round "3.44"]
[White "Justinussen, Sigurd B"]
[Black "Colpe, Malte"]
[Result "0-1"]
[WhiteElo "1970"]
[BlackElo "2311"]
[PlyCount "140"]
[EventDate "2013.07.27"]

1. e4 c5 2. Nf3 d6 3. c3 Nf6 4. Be2 Bd7 5. d3 g6 6. Bg5 Bg7 7. Nbd2 Nc6 8. O-O
h6 9. Bf4 e5 10. Bg3 Be6 11. Re1 Nh5 12. Nb3 O-O 13. Nh4 Nf4 14. Bxf4 exf4 15.
g3 Qf6 16. Ng2 g5 17. f3 h5 18. Rf1 a5 19. a4 Qe5 20. g4 hxg4 21. fxg4 c4 22.
d4 Qxe4 23. Nd2 Qg6 24. Nxc4 Bd5 25. Nb6 Bxg2 26. Kxg2 Rad8 27. Bd3 Qh6 28. Qf3
Rfe8 29. Rae1 Qh4 30. Qh3 f3+ 31. Qxf3 Rxe1 32. Qxf7+ Kh8 33. Rxe1 Qxg4+ 34.
Kh1 Rf8 35. Re8 Qd1+ 36. Bf1 Rxe8 37. Qxe8+ Kh7 38. Qe4+ Kh6 39. Qe6+ Kh5 40.
Qh3+ Kg6 41. Qe6+ Kh7 42. Kg2 Qd2+ 43. Be2 Ne5 44. Qh3+ Kg8 45. Qc8+ Bf8 46.
Qe6+ Kg7 47. dxe5 Qxe2+ 48. Kg3 Qe3+ 49. Kg2 Qe4+ 50. Kg3 Qe3+ 51. Kg2 Qxb6 52.
Qf6+ Kg8 53. Qg6+ Kh8 54. Qh5+ Kg7 55. Qxg5+ Kf7 56. Qf5+ Ke8 57. e6 Qc7 58.
Qb5+ Qc6+ 59. Qxc6+ bxc6 60. b4 axb4 61. cxb4 d5 62. b5 cxb5 63. axb5 Bc5 64.
Kf3 Ke7 65. Kf4 Kxe6 66. Kg4 d4 67. Kf4 Ba7 68. Ke4 Kf6 69. Kf4 Kg6 70. Kg4 d3
0-1

[Event "Politiken Cup 2013"]
[Site "Helsingør "]
[Date "2013.07.28"]
[Round "3.45"]
[White "Green, Per"]
[Black "Cherednichenko, Svetlana"]
[Result "0-1"]
[WhiteElo "1967"]
[BlackElo "2290"]
[PlyCount "72"]
[EventDate "2013.07.27"]

1. Nf3 f5 2. d4 Nf6 3. g3 e6 4. Bg2 Be7 5. O-O O-O 6. c4 d6 7. Nc3 Ne4 8. Qc2
Nxc3 9. Qxc3 a5 10. b3 Bf6 11. Bb2 Nc6 12. Rad1 Qe8 13. Qd2 e5 14. dxe5 dxe5
15. e4 f4 16. Qe2 Be6 17. Rd2 Qg6 18. Rfd1 Rae8 19. Ba3 Rf7 20. Bb2 h5 21. Kh1
Qh6 22. Bc1 g5 23. gxf4 exf4 24. Ng1 g4 25. f3 Rg7 26. Bb2 Bxb2 27. Rxb2 Qf6
28. Rbd2 Kh8 29. Qe1 Ne5 30. Qf1 Reg8 31. Rc2 gxf3 32. Nxf3 Ng4 33. Re1 Ne3 34.
Rxe3 fxe3 35. Re2 Bh3 36. e5 Qf4 0-1

[Event "Politiken Cup 2013"]
[Site "Helsingør "]
[Date "2013.07.28"]
[Round "3.37"]
[White "Haugli, Petter"]
[Black "Collareta, Giovanni"]
[Result "1-0"]
[WhiteElo "2287"]
[BlackElo "2108"]
[PlyCount "95"]
[EventDate "2013.07.27"]

1. d4 d5 2. c4 c6 3. Nf3 Nf6 4. Nc3 dxc4 5. a4 Bg4 6. Ne5 Bh5 7. f3 Nfd7 8.
Nxc4 e5 9. Be3 Bb4 10. Qb3 a5 11. dxe5 O-O 12. O-O-O Qe7 13. g4 b5 14. Nb6 Nxb6
15. Bxb6 Bg6 16. Bd4 bxa4 17. Nxa4 Nd7 18. e4 c5 19. Be3 c4 20. Bxc4 Nxe5 21.
Be2 Rab8 22. Kb1 Nxg4 23. Bd4 Ne5 24. h4 h5 25. Rhg1 Kh7 26. Ka1 f6 27. f4 Ng4
28. Bxg4 hxg4 29. e5 Bf7 30. Qc2+ Kg8 31. exf6 Qe6 32. Nc3 Rfd8 33. Be5 Rbc8
34. Rxd8+ Rxd8 35. fxg7 Bg6 36. Qa4 Rd2 37. Qa2 Qxa2+ 38. Nxa2 Bf5 39. Nc3 Bc5
40. Re1 Bf2 41. Rc1 Rd8 42. Bf6 Re8 43. Nd5 g3 44. Be5 Rxe5 45. fxe5 Kxg7 46.
Nf4 Bd4 47. Nh5+ Kf7 48. Nxg3 1-0

[Event "Politiken Cup 2013"]
[Site "Helsingør "]
[Date "2013.07.28"]
[Round "3.43"]
[White "Greeuw, Sietske"]
[Black "Matthiesen, Martin"]
[Result "0-1"]
[WhiteElo "1971"]
[BlackElo "2275"]
[PlyCount "84"]
[EventDate "2013.07.27"]

1. e4 c5 2. Nf3 d6 3. d4 cxd4 4. Nxd4 Nf6 5. Nc3 a6 6. Bg5 e6 7. f4 Qb6 8. Nb3
Nbd7 9. Qd2 Qc7 10. O-O-O b5 11. Bd3 Bb7 12. Qe3 Be7 13. Rhe1 h6 14. Bxf6 Nxf6
15. h3 O-O-O 16. Bxb5 axb5 17. Nxb5 Qb8 18. Qb6 Ba8 19. Qa6+ Kd7 20. e5 Nd5 21.
exd6 Bxd6 22. Nxd6 Qxd6 23. Qa7+ Qc7 24. Qa4+ Ke7 25. Qa3+ Qd6 26. Nc5 Rc8 27.
Nxe6 fxe6 28. Qd3 Rhd8 29. g3 Nb4 30. Qg6 Rxc2+ 31. Qxc2 Nxc2 32. Rxd6 Nxe1 33.
Rxd8 Kxd8 34. Kd2 Nf3+ 35. Ke3 Bc6 36. b4 Kc7 37. a4 Ng1 38. b5 Bd5 39. Kd4 Kb6
40. Ke5 Kc5 41. f5 Nf3+ 42. Kf4 e5+ 0-1

[Event "Politiken Cup 2013"]
[Site "Helsingør "]
[Date "2013.07.28"]
[Round "3.46"]
[White "Christensen, Bo Garner"]
[Black "Skovgaard, Tom"]
[Result "1-0"]
[WhiteElo "2256"]
[BlackElo "1962"]
[PlyCount "55"]
[EventDate "2013.07.27"]

1. d4 d5 2. Nf3 Nf6 3. Bf4 e6 4. e3 Bd6 5. Ne5 O-O 6. Bd3 c5 7. c3 Qc7 8. g4
Nbd7 9. g5 Ne8 10. Nd2 g6 11. Ndf3 Ng7 12. h4 Nh5 13. Bh2 f5 14. gxf6 Ndxf6 15.
Qc2 cxd4 16. exd4 Ng4 17. Bxg6 Nxh2 18. Rxh2 Rxf3 19. Bxh5 Bxe5 20. Rg2+ Rg3
21. fxg3 Bf6 22. O-O-O Qg7 23. Qd2 Bd7 24. Rf1 Rf8 25. Rf4 Kh8 26. Rgf2 Qe7 27.
Rxf6 Rxf6 28. Qg5 1-0

[Event "Politiken Cup 2013"]
[Site "Helsingør "]
[Date "2013.07.28"]
[Round "3.38"]
[White "Jorgensen, Dennis"]
[Black "Poulsen, Iver"]
[Result "1/2-1/2"]
[WhiteElo "2245"]
[BlackElo "2087"]
[PlyCount "107"]
[EventDate "2013.07.27"]

1. d4 e6 2. c4 f5 3. g3 Nf6 4. Bg2 Be7 5. Nf3 d6 6. b3 O-O 7. Bb2 Ne4 8. O-O
Bf6 9. Nbd2 Nc6 10. Nxe4 fxe4 11. Ne1 d5 12. Nc2 a5 13. Qd2 Re8 14. f3 exf3 15.
Bxf3 dxc4 16. bxc4 Ne5 17. Qc3 Nxf3+ 18. Qxf3 Rf8 19. Rad1 Bd7 20. Qe4 Ra6 21.
Ba3 Rf7 22. Qxb7 Rb6 23. Qe4 Bc6 24. d5 exd5 25. cxd5 Bb7 26. Ne3 Rd7 27. Qg4
h6 28. d6 Bg5 29. Qe6+ Kh8 30. Nc4 cxd6 31. Nxd6 Rbxd6 32. Rxd6 Rxd6 33. Qxd6
Be3+ 34. Rf2 Qxd6 35. Bxd6 a4 36. Bf4 Bxf2+ 37. Kxf2 a3 38. Bd6 Bd5 39. Bxa3
Bxa2 40. Ke3 Kg8 41. Kd4 Kf7 42. Ke5 Be6 43. e4 g6 44. Bc1 h5 45. Kf4 Bc8 46.
Kg5 Bb7 47. e5 Bc8 48. Bf4 Be6 49. Kh4 Bc8 50. h3 Be6 51. g4 hxg4 52. hxg4 Bc8
53. Kg5 Be6 54. Kh4 1/2-1/2

[Event "Politiken Cup 2013"]
[Site "Helsingør "]
[Date "2013.07.28"]
[Round "3.39"]
[White "Taksrud, Vidar"]
[Black "Schou-Moldt, Thomas"]
[Result "0-1"]
[WhiteElo "2035"]
[BlackElo "2202"]
[PlyCount "82"]
[EventDate "2013.07.27"]

1. d4 d6 2. Nf3 g6 3. g3 Bg7 4. Bg2 Nf6 5. O-O O-O 6. c4 Nc6 7. Nc3 Rb8 8. h3
a6 9. Qd3 Nb4 10. Qb1 a5 11. a3 Na6 12. b4 axb4 13. axb4 c5 14. b5 cxd4 15.
bxa6 dxc3 16. Nd4 Bf5 17. Nxf5 bxa6 18. Qd3 gxf5 19. Rxa6 Qc8 20. Rc6 Qd7 21.
Qxc3 Ne4 22. Qa5 Qxc6 23. Qxf5 d5 24. cxd5 Nd6 25. Qg4 Qc8 26. Qh4 Rb1 27. Qf4
f5 28. Ba3 Rxf1+ 29. Bxf1 Qa6 30. Bb4 Qb6 31. Ba3 Kh8 32. h4 Qd4 33. Bxd6 exd6
34. Qxd6 f4 35. g4 f3 36. e3 Qxg4+ 37. Qg3 Qa4 38. d6 Qd1 39. d7 Qxd7 40. Bc4
Qd1+ 41. Kh2 Qa1 0-1

[Event "Politiken Cup 2013"]
[Site "Helsingør "]
[Date "2013.07.28"]
[Round "3.40"]
[White "Thiry, Jean-Christophe"]
[Black "Vistisen, Lars"]
[Result "0-1"]
[WhiteElo "1981"]
[BlackElo "2177"]
[PlyCount "176"]
[EventDate "2013.07.27"]

1. d4 Nf6 2. Bf4 c5 3. c3 e6 4. Nf3 b6 5. e3 Bb7 6. Nbd2 Be7 7. h3 d6 8. Bd3
Nd5 9. Bh2 f5 10. Qb3 Qd7 11. e4 fxe4 12. Bxe4 Nc6 13. O-O Nf6 14. Bd3 O-O 15.
Rfe1 Nd8 16. Rad1 Rc8 17. Bb5 Bc6 18. Ba6 Rb8 19. dxc5 Ba4 20. c6 Bxb3 21. cxd7
Bxd1 22. Rxd1 Nxd7 23. Bb5 Nf6 24. Nc4 Nb7 25. Ng5 e5 26. Ne3 Rfc8 27. Bc4+ d5
28. Nxd5 Rxc4 29. Nxe7+ Kf8 30. Nf5 Re8 31. Ne3 Rc6 32. Nf3 Rce6 33. Nc4 e4 34.
Nd4 R6e7 35. Nd6 Ra8 36. N6f5 Ree8 37. Nb5 Rad8 38. Rxd8 Rxd8 39. Nfd4 Rd5 40.
a3 a5 41. Bc7 Nd7 42. Kf1 Nbc5 43. c4 Rh5 44. Nc3 a4 45. Ke2 Rh6 46. Ke3 Rf6
47. Bg3 Rf7 48. Nxe4 Nxe4 49. Kxe4 Nc5+ 50. Kd5 Nd3 51. b3 axb3 52. Nxb3 Nxf2
53. c5 bxc5 54. Nxc5 Rf5+ 55. Kd4 Ke7 56. a4 Rxc5 57. Bxf2 Ra5 58. Ke3 Rxa4 59.
Kf3 Ra3+ 60. Be3 Kf6 61. Ke4 Ra4+ 62. Kf3 g5 63. g3 Kf5 64. Bf2 h5 65. Be3 Ra2
66. g4+ Kg6 67. gxh5+ Kxh5 68. Bf2 Ra3+ 69. Kg2 Kg6 70. Bc5 Rb3 71. Be7 Kf5 72.
Bd6 Rb7 73. Kf3 Rd7 74. Bc5 Rd3+ 75. Be3 Rb3 76. Kf2 Rb1 77. Kf3 Rf1+ 78. Kg2
Ra1 79. Kg3 Ra3 80. Kf3 Kg6 81. Kf2 Kh5 82. Kf3 Kh4 83. Kf2 Ra2+ 84. Kf3 Ra3
85. Kf2 Rb3 86. Ke2 Rb5 87. Kf2 Kxh3 88. Kg1 g4 0-1

[Event "Politiken Cup 2013"]
[Site "Helsingør "]
[Date "2013.07.28"]
[Round "3.49"]
[White "Henrichsen, Jens"]
[Black "Klings, Peter"]
[Result "1/2-1/2"]
[WhiteElo "1937"]
[BlackElo "2167"]
[PlyCount "101"]
[EventDate "2013.07.27"]

1. d4 Nf6 2. c4 c5 3. d5 g6 4. Nc3 Bg7 5. e4 d6 6. h3 O-O 7. Nf3 a6 8. a4 e6 9.
Bd3 exd5 10. cxd5 Re8 11. O-O Nbd7 12. Bf4 Qe7 13. Re1 Nh5 14. Bh2 Ne5 15. Be2
Nf6 16. Bxe5 dxe5 17. Nd2 Rd8 18. Nc4 Ne8 19. Qc2 Qg5 20. Qc1 Qh4 21. Qe3 Bf8
22. Bf1 Bd7 23. Nxe5 Nd6 24. f4 Be8 25. g3 Qf6 26. a5 Qg7 27. Nc4 Nb5 28. Nxb5
axb5 29. Nb6 Ra6 30. Qc3 Qh6 31. e5 g5 32. Qf3 gxf4 33. gxf4 c4 34. d6 Bc6 35.
Qg4+ Kh8 36. h4 Bg7 37. Qg5 Rg8 38. Kh2 f6 39. exf6 Qxf6 40. Qxf6 Bxf6 41. Nxc4
Bxh4 42. Ne5 Bg3+ 43. Kh3 Bxf4 44. Nxc6 Rxc6 45. Re6 Bxd6 46. Bxb5 Rc5 47. Be2
Rd5 48. Rd1 Rxd1 49. Bxd1 Rg6 50. Rxg6 hxg6 51. Bf3 1/2-1/2

[Event "Politiken Cup 2013"]
[Site "Helsingør "]
[Date "2013.07.28"]
[Round "3.50"]
[White "Andersen, Morten"]
[Black "Ancion, Merowig"]
[Result "1-0"]
[WhiteElo "2166"]
[BlackElo "1954"]
[PlyCount "85"]
[EventDate "2013.07.27"]

1. e4 e5 2. Nf3 Nc6 3. Bb5 a6 4. Ba4 Nf6 5. O-O b5 6. Bb3 Be7 7. d3 O-O 8. Re1
d6 9. c3 Na5 10. Bc2 c5 11. Nbd2 Qc7 12. Nf1 Re8 13. h3 h6 14. g4 Bf8 15. g5
Nh7 16. h4 Bg4 17. gxh6 g6 18. Ne3 Bh5 19. Kg2 Qd8 20. Rh1 Bxh6 21. Nd5 Bg7 22.
Qg1 c4 23. Be3 cxd3 24. Bxd3 Nc4 25. Bxc4 bxc4 26. Nd2 Rb8 27. Nxc4 Be2 28. b3
Bxc4 29. bxc4 Qc8 30. Kf3 Rb2 31. c5 f5 32. Qxg6 fxe4+ 33. Kxe4 Re6 34. Qg4 Qe8
35. Rhg1 Qa4+ 36. Kf5 Qxg4+ 37. Rxg4 Nf8 38. Rag1 Rb7 39. c6 Rf7+ 40. Ke4 Re8
41. Nf6+ Rxf6 42. Rxg7+ Kh8 43. Rg8+ 1-0

[Event "Politiken Cup 2013"]
[Site "Helsingør "]
[Date "2013.07.28"]
[Round "3.42"]
[White "Karlsson, Ulf"]
[Black "Martinsen, Stig K"]
[Result "1/2-1/2"]
[WhiteElo "1973"]
[BlackElo "2164"]
[PlyCount "91"]
[EventDate "2013.07.27"]

1. e4 c5 2. Nc3 a6 3. g3 b5 4. Bg2 Bb7 5. d3 e6 6. f4 d6 7. Nf3 Nd7 8. Qe2 Be7
9. O-O b4 10. Nd1 Ngf6 11. h3 O-O 12. g4 c4 13. Nf2 Nc5 14. g5 cxd3 15. cxd3
Nh5 16. Kh2 f6 17. g6 hxg6 18. d4 Nd7 19. Nh4 Qe8 20. Bf3 f5 21. Nxg6 Qxg6 22.
Bxh5 Qf6 23. e5 dxe5 24. dxe5 Qh4 25. Bd2 a5 26. Nd3 Bd8 27. Be1 Qe7 28. Bg6
Rf7 29. Qh5 Nf8 30. Bh4 Nxg6 31. Bxe7 Nxe7 32. Nc5 Bd5 33. Rac1 Ra7 34. Rg1 Bb6
35. Rg3 Rc7 36. Nb3 Rxc1 37. Nxc1 Nc6 38. Qe2 Nd4 39. Qa6 Ba7 40. Qc8+ Rf8 41.
Qd7 Rf7 42. Qd8+ Kh7 43. Qh4+ Kg8 44. Qd8+ Kh7 45. Qh4+ Kg8 46. Qd8+ 1/2-1/2

[Event "Politiken Cup 2013"]
[Site "Helsingør "]
[Date "2013.07.28"]
[Round "3.52"]
[White "Christensen, Janus"]
[Black "Roggensack, Hans Peter"]
[Result "1-0"]
[WhiteElo "2156"]
[BlackElo "1950"]
[PlyCount "41"]
[EventDate "2013.07.27"]

1. e4 e5 2. Nf3 Nf6 3. Nxe5 d6 4. Nf3 Nxe4 5. d4 d5 6. Bd3 Nc6 7. O-O Bg4 8.
Re1 f5 9. c4 Be7 10. cxd5 Qxd5 11. Bxe4 fxe4 12. Nc3 Qh5 13. Rxe4 O-O 14. Qb3+
Kh8 15. Ne5 Nxd4 16. Rxd4 Qxe5 17. Re4 Qf5 18. Be3 Bd6 19. Qc4 Rae8 20. Rxg4
Rxe3 21. fxe3 1-0

[Event "Politiken Cup 2013"]
[Site "Helsingør "]
[Date "2013.07.28"]
[Round "3.53"]
[White "Haubro, Sigfred"]
[Black "Hansen, Rasmus Agertoft"]
[Result "1-0"]
[WhiteElo "2155"]
[BlackElo "1945"]
[PlyCount "69"]
[EventDate "2013.07.27"]

1. Nf3 Nf6 2. g3 g6 3. Bg2 Bg7 4. O-O O-O 5. c4 d6 6. d4 a6 7. Nc3 Nc6 8. Bg5
Rb8 9. Rc1 h6 10. Bxf6 Bxf6 11. d5 Ne5 12. Nxe5 Bxe5 13. f4 Bg7 14. e4 f5 15.
Qd3 c6 16. Rce1 Qb6+ 17. Kh1 Qxb2 18. e5 c5 19. a4 Qb6 20. Re3 dxe5 21. fxe5
Bd7 22. Ne2 Bxa4 23. Nf4 Bd7 24. Rb1 Qd8 25. Nxg6 f4 26. Nxf8 Qxf8 27. gxf4
Qxf4 28. Rf1 Qd4 29. Qe2 b5 30. Re4 Qc3 31. e6 Be8 32. Qg4 b4 33. Ref4 Ba4 34.
d6 Re8 35. dxe7 1-0

[Event "Politiken Cup 2013"]
[Site "Helsingør "]
[Date "2013.07.28"]
[Round "3.60"]
[White "Rorvik, Jon F"]
[Black "Jacobsen, Fredrik Beer"]
[Result "1-0"]
[WhiteElo "2154"]
[BlackElo "1935"]
[PlyCount "95"]
[EventDate "2013.07.27"]

1. c4 e5 2. Nc3 Nf6 3. g3 d5 4. cxd5 Nxd5 5. Bg2 Nb6 6. Nf3 Nc6 7. O-O Be7 8.
d3 O-O 9. Be3 Be6 10. Rc1 f6 11. Ne4 Nd5 12. Bc5 b6 13. Bxe7 Ndxe7 14. a3 Qd7
15. b4 Rad8 16. Qc2 a6 17. Rfd1 g5 18. e3 g4 19. Ne1 Bd5 20. Qc3 f5 21. Nd2
Bxg2 22. Kxg2 f4 23. Qc4+ Kh8 24. exf4 exf4 25. Qc3+ Kg8 26. Qc4+ Rf7 27. Ne4
b5 28. Nf6+ Kg7 29. Qxf7+ Kxf7 30. Nxd7 f3+ 31. Kf1 Rxd7 32. Rc5 Nd4 33. Rg5
Nd5 34. Rxg4 Nf5 35. Nc2 Nc3 36. Rc1 Ne2 37. Ra1 Rxd3 38. Ne1 Rc3 39. Nxf3
Nexg3+ 40. hxg3 Rxf3 41. Rf4 Rxf4 42. gxf4 Nd6 43. Kg2 Kg6 44. Kf3 Kf5 45. Rh1
Nc4 46. Rxh7 Nd2+ 47. Kg3 Ne4+ 48. Kg2 1-0